书目信息 |
| 书名: | The Lone Star State | |
| 作者: | Rupert N.Richardson etc. | |
| 分册号: | ||
| 分册名: | 出版地: | New Jersey : |
|
| 出版社: | Prentice Hall,Upper Saddle River | |
| 出版时间: | 1997. | |
| 页数: | 450 p. ; | |
| 开本: | 20cm. | |
| 丛书名: | ||
| 中图分类号: | ||
| 科图分类号: | ||
| 其他分类号: | K712.9 | |
| 主题词: | ||
| 电子资源: | ||
| 000 | 00499nam 2200169 a 4500 | |
| 001 | E0137953922 | |
| 005 | 2001121810323285 | |
| 008 | 011218s1997 00010 eng | |
| 020 | @a0-13-487000-X@bsoft | |
| 040 | @aPFT@beng | |
| 090 | @aK712.9 | |
| 099 | @dK712.9@eR521 | |
| 245 | @aThe Lone Star State / @cRupert N.Richardson etc. | |
| 250 | @a7th ed. | |
| 260 | @aNew Jersey :@bPrentice Hall,Upper Saddle River,@c1997. | |
| 300 | @a450 p. ;@c20cm. | |
| 500 | @aIncludes bibliographical references and index | |
| The Lone Star State / / Rupert N.Richardson etc.-7th ed.-New Jersey : : Prentice Hall,Upper Saddle River, , 1997. |
| 450 p. ; ; 20cm. |
| Includes bibliographical references and index |
| ISBN 0-13-487000-Xsoft |
| ● |
| 相关链接 |
|
|
|
正题名:The Lone Star State
索取号:K712.9/R521
 
预约/预借
| 序号 | 登录号 | 条形码 | 馆藏地/架位号 | 状态 | 备注 |
| 1 | 0755 | 300007551 | 社科库309/309社科库 995排1列3层/ [索取号:K712.9/R521] | 在馆 |